Action and knowledge : (Record no. 7698)
[ view plain ]
| 000 -LEADER | |
|---|---|
| fixed length control field | 01061cam a2200301 a 4500 |
| 001 - CONTROL NUMBER | |
| control field | BD-DhSAU 7698 |
| 003 - CONTROL NUMBER IDENTIFIER | |
| control field | BD-DhSAU |
| 005 - DATE AND TIME OF LATEST TRANSACTION | |
| control field | 20150528101543.0 |
| 008 - FIXED-LENGTH DATA ELEMENTS--GENERAL INFORMATION | |
| fixed length control field | 920519s1991 ck a r 001 0 eng |
| 020 ## - INTERNATIONAL STANDARD BOOK NUMBER | |
| International Standard Book Number | 0945257317 (U.S.A) |
| 020 ## - INTERNATIONAL STANDARD BOOK NUMBER | |
| Canceled/invalid ISBN | 18533909984 (U.K) |
| 040 ## - CATALOGING SOURCE | |
| Original cataloging agency | BD-DhSAU |
| 050 00 - LIBRARY OF CONGRESS CALL NUMBER | |
| Classification number | H62.5.D44 |
| Item number | A2818 1991 |
| 082 ## - DEWEY DECIMAL CLASSIFICATION NUMBER | |
| Edition number | 22 |
| Classification number | 300.7206724 |
| Item number | ACT |
| 130 0# - MAIN ENTRY--UNIFORM TITLE | |
| Uniform title | Action and knowledge. |
| Language of a work | Spanish. |
| 245 00 - TITLE STATEMENT | |
| Title | Action and knowledge : |
| Remainder of title | breaking the monopoly with participatory action research / |
| Statement of responsibility, etc. | edited by Orlando Fals-Borda and Muhammad Anisur Rahman. |
| 260 ## - PUBLICATION, DISTRIBUTION, ETC. (IMPRINT) | |
| Place of publication, distribution, etc. | London : |
| Name of publisher, distributor, etc. | Intermediate technology publications, |
| Date of publication, distribution, etc. | c1991. |
| 300 ## - PHYSICAL DESCRIPTION | |
| Extent | 232 p. : |
| Dimensions | 25 cm. |
| 590 ## - Name of Cataloguer | |
| Name of Cataloger | joy |
| 650 #0 - SUBJECT ADDED ENTRY--TOPICAL TERM | |
| Topical term or geographic name as entry element | Social sciences |
| General subdivision | Research |
| Geographic subdivision | Developing countries. |
| 650 #0 - SUBJECT ADDED ENTRY--TOPICAL TERM | |
| Topical term or geographic name as entry element | Action research |
| Geographic subdivision | Developing countries. |
| 650 #0 - SUBJECT ADDED ENTRY--TOPICAL TERM | |
| Topical term or geographic name as entry element | Community development |
| Geographic subdivision | Developing countries. |
| 650 #0 - SUBJECT ADDED ENTRY--TOPICAL TERM | |
| Topical term or geographic name as entry element | Group decision making |
| Geographic subdivision | Developing countries. |
| 650 #0 - SUBJECT ADDED ENTRY--TOPICAL TERM | |
| Topical term or geographic name as entry element | Extension. |
| 700 2# - ADDED ENTRY--PERSONAL NAME | |
| Personal name | Fals-Borda, Orlando. |
| 700 2# - ADDED ENTRY--PERSONAL NAME | |
| Personal name | Rahman, Muhammad Anisur Rahman. |
| 942 ## - ADDED ENTRY ELEMENTS (KOHA) | |
| Source of classification or shelving scheme | Dewey Decimal Classification |
| Koha item type | Book |
| Withdrawn status | Lost status | Source of classification or shelving scheme | Damaged status | Not for loan | Collection code | Home library | Branch Name | Shelving location | Date acquired | Total Checkouts | Full call number | Barcode | Date last seen | Price effective from | Koha item type |
|---|---|---|---|---|---|---|---|---|---|---|---|---|---|---|---|
| Dewey Decimal Classification | Not For Loan | Reference | SAU Library | SAU Library | Reference | 28/05/2015 | 300.7206724 ACT | 22748 | 28/05/2015 | 28/05/2015 | Book |
